De fuerzas políticas y partidos políticos /

El presente texto intenta destacar los momentos más importantes por los que ha atravesado la sociedad, con sus distintos movi- mientos -incluída la participaciòn de partidos políticos-, con sus alianzas y sus conflictos, que han sistema electoral y la vida institucional, tanto estatal como autónoma.

Sparad:
Bibliografiska uppgifter
Huvudupphov: León y González, Samuel (autor)
Övriga upphov: Pérez, Germán (autor) (autor)
Materialtyp: Bok
Språk:spanska
Utgiven: México : UNAM : Plaza y Valdés, 1988
Serie:(Folios Universitarios)
Ämnen:
Taggar: Lägg till en tagg
Inga taggar, Lägg till första taggen!

MARC

LEADER 00000nam^a2200000^a^4500
001 000022274
005 20250521000000.0
009 20260310084449.876
020 |a 968-856-150-9 
037 |a Acervo ITESO - Biblioteca 
041 |a ESP 
082 |a 324. 272  |b LEO 
100 |a León y González, Samuel  |e (autor) 
245 1 0 |a De fuerzas políticas y partidos políticos /  |c S. León y González, G. Pérez. 
264 1 |a México :  |b UNAM :  |b Plaza y Valdés,  |c 1988 
300 |a 159 p. 
336 |a texto  |b txt  |2 rdacontenido 
337 |a sin mediación  |b n  |2 rdamedio 
338 |a volumen  |b nc  |2 rdasoporte 
440 1 |a (Folios Universitarios) 
520 |a El presente texto intenta destacar los momentos más importantes por los que ha atravesado la sociedad, con sus distintos movi- mientos -incluída la participaciòn de partidos políticos-, con sus alianzas y sus conflictos, que han sistema electoral y la vida institucional, tanto estatal como autónoma. 
649 |a XX 
650 |a Política -  |z México 
650 |a Partidos Políticos -  |z México 
650 |a Movimientos Sociales -  |z México 
700 |a Pérez, Germán  |e (autor) 
910 |a Fondo General 
920 |a Impresos - Libros 
930 |a Colección General 
905 |a 101 
901 |a 0222740100  |b IT1  |c ACC  |i 022274  |u 20250521 
902 |a https://opac.biblio.iteso.mx/vufind/Record/000022274